<?xml version="1.0" encoding="UTF-8"?>
<record
    xmlns:xsi="http://www.w3.org/2001/XMLSchema-instance"
    xsi:schemaLocation="http://www.loc.gov/MARC21/slim http://www.loc.gov/standards/marcxml/schema/MARC21slim.xsd"
    xmlns="http://www.loc.gov/MARC21/slim">

  <leader>00679nam a2200217Ii 4500</leader>
  <controlfield tag="001">13318</controlfield>
  <controlfield tag="003">CO-ViMGA</controlfield>
  <controlfield tag="008">241108s9999||||xx |||||||||||||| ||und||</controlfield>
  <datafield tag="020" ind1=" " ind2=" ">
    <subfield code="a">9802931500</subfield>
  </datafield>
  <datafield tag="040" ind1=" " ind2=" ">
    <subfield code="a">CO-ViMGA</subfield>
    <subfield code="b">spa</subfield>
    <subfield code="e">rda</subfield>
    <subfield code="c">CO-ViMGA</subfield>
  </datafield>
  <datafield tag="041" ind1="0" ind2=" ">
    <subfield code="a">spa</subfield>
  </datafield>
  <datafield tag="082" ind1="0" ind2="4">
    <subfield code="a">F.FC M863.44 - E74c</subfield>
  </datafield>
  <datafield tag="100" ind1="1" ind2=" ">
    <subfield code="a">Laura Esquivel</subfield>
    <subfield code="9">49462</subfield>
  </datafield>
  <datafield tag="245" ind1="1" ind2="0">
    <subfield code="a">Como agua para chocolate:</subfield>
    <subfield code="b">Novela de entregas mensuales, con recetas, amores y remedios caseros</subfield>
  </datafield>
  <datafield tag="264" ind1=" " ind2="1">
    <subfield code="a">Caracas, Venezuela : Texto, 1968</subfield>
  </datafield>
  <datafield tag="300" ind1=" " ind2=" ">
    <subfield code="a">volumen</subfield>
  </datafield>
  <datafield tag="336" ind1=" " ind2=" ">
    <subfield code="a">text</subfield>
    <subfield code="b">txt</subfield>
    <subfield code="2">rdacontent</subfield>
  </datafield>
  <datafield tag="337" ind1=" " ind2=" ">
    <subfield code="a">unmediated</subfield>
    <subfield code="b">n</subfield>
    <subfield code="2">rdamedia</subfield>
  </datafield>
  <datafield tag="338" ind1=" " ind2=" ">
    <subfield code="a">volume</subfield>
    <subfield code="b">nc</subfield>
    <subfield code="2">rdacarrier</subfield>
  </datafield>
  <datafield tag="940" ind1=" " ind2=" ">
    <subfield code="a">idficha_siabuc: 13020. -- ficha_no_siabuc:13318</subfield>
  </datafield>
  <datafield tag="999" ind1=" " ind2=" ">
    <subfield code="c">44128</subfield>
    <subfield code="d">44128</subfield>
  </datafield>
  <datafield tag="952" ind1=" " ind2=" ">
    <subfield code="0">0</subfield>
    <subfield code="1">0</subfield>
    <subfield code="4">0</subfield>
    <subfield code="7">0</subfield>
    <subfield code="8">FFamiliaCar</subfield>
    <subfield code="a">MEVIGERR</subfield>
    <subfield code="b">MEVIGERR</subfield>
    <subfield code="c">LOCAL</subfield>
    <subfield code="d">2007-07-10</subfield>
    <subfield code="o">F.FC M863.44 - E74c</subfield>
    <subfield code="p">ECA17863</subfield>
    <subfield code="r">2024-11-26 09:17:07</subfield>
    <subfield code="t">Ej.1</subfield>
    <subfield code="w">2024-11-26</subfield>
    <subfield code="y">BK</subfield>
    <subfield code="z">13020 | 17308</subfield>
  </datafield>
  <datafield tag="952" ind1=" " ind2=" ">
    <subfield code="0">0</subfield>
    <subfield code="1">0</subfield>
    <subfield code="2">ddc</subfield>
    <subfield code="4">0</subfield>
    <subfield code="7">0</subfield>
    <subfield code="8">GEN</subfield>
    <subfield code="a">MEPLOPEZ</subfield>
    <subfield code="b">MEPLOPEZ</subfield>
    <subfield code="c">GEN</subfield>
    <subfield code="d">2025-10-21</subfield>
    <subfield code="l">0</subfield>
    <subfield code="o">F.FC M863.44 - E74c</subfield>
    <subfield code="p">PLZ03575</subfield>
    <subfield code="r">2025-10-21 18:34:01</subfield>
    <subfield code="t">Ej.1</subfield>
    <subfield code="w">2025-10-21</subfield>
    <subfield code="y">BKLIT</subfield>
  </datafield>
</record>
